[Event "1er Open International d'Aix-les-Bains"]
[Site "Aix-les-Bains (73)"]
[Date "2014.08.10"]
[Round "5.1"]
[White "Guidarelli, Laurent"]
[Black "Navrotescu, Catalin"]
[Result "1-0"]
[WhiteElo "2498"]
[BlackElo "2406"]
[PlyCount "109"]
[EventDate "2014.??.??"]

1. d4 g6 2. e4 Bg7 3. Nc3 c6 4. f4 d5 5. e5 Nh6 6. Nf3 Bg4 7. Be3 f6 8. h3 Bxf3
9. Qxf3 O-O 10. Qe2 ({Pertinent:} 10. exf6 exf6 11. Bd3 f5 12. O-O-O b5 13. g4
b4 14. Ne2 a5 15. Ng3 $16 {Paehtz,E (2440)-Harika,D (2507) Khanty-Mansiysk
2014 1-0 (39)}) 10... fxe5 11. fxe5 Nf5 12. Bf2 c5 13. dxc5 Nc6 14. O-O-O e6
15. Kb1 {L'ouverture des Blancs n'est pas un succès.  Leurs pions sont
faibles, et le roi risque d'être exposé à l'aile-dame.} Nxe5 16. g4 Nh4 17.
Bg3 Qg5 $146 (17... Qf6 18. Bg2 Nxg2 19. Qxg2 Nc4 20. Rhf1 Na3+ $1 21. bxa3 (
21. Ka1 Qxc3 22. bxc3 Bxc3#) 21... Qxc3 {0-1 (28) Cajbel,M (2165)-Fudalej,G 
(2100) Krynica 2003}) 18. Qd2 {Les blancs cherchent le salut dans une finale
guère reluisante, qu'ils espèrent tenir.} Qxd2 19. Rxd2 Nhf3 20. Rf2 (20. Re2
) 20... Rac8 21. Bg2 Nc4 $1 22. Bxf3 Rxf3 23. Rxf3 Nd2+ 24. Kc1 Nxf3 25. Na4 (
25. Bd6 $1) 25... Ng5 {Les pièces noires sont très actives.} 26. b4 Ne4 $17
27. Be1 Rf8 28. Nb2 {[#] Pour la première fois dans le tournoi, Laurent
Guidarelli est dans les cordes. Mais pas encore dans les choux !} a5 29. Nd3
axb4 30. Bxb4 Rf3 31. a4 $1 e5 $2 ({Le fou g7 va être hors-jeu.} 31... Bd4 32.
a5 e5) 32. a5 Ng3 33. Re1 e4 34. c6 $1 Rf7 (34... bxc6 35. a6 Rf7 36. Bc5 Bc3
$1 37. a7 $1 Rxa7 {Conserve l'équilibre à l'issue de quelques coups de haute
voltige.} 38. Bxa7 exd3 39. Re8+ Kf7 40. Rc8 d2+ 41. Kd1 Ne4 $1 42. Rc7+ Kf6
43. Rxc6+ Kg5 44. Be3+ Kh4 45. g5 Kxh3 46. Rc7 Kg4 47. Rxh7 (47. Ke2) 47... d4
48. Bg1 Nxg5 49. Rg7 $11) 35. Bd6 $1 bxc6 36. Bxg3 Bc3 37. Ne5 Rf6 (37... Bxe1
38. Nxf7 Bxa5 39. Ne5 Bc7 40. Kd2 d4 {offrait de meilleures chances de partage
du point.}) 38. g5 Re6 39. Nd7 Bxa5 40. Rf1 e3 41. Be1 Bxe1 42. Rxe1 Kg7 43.
Kd1 Re7 44. Nc5 Re5 (44... d4) 45. c3 h6 46. gxh6+ Kxh6 47. Ke2 Kh5 (47... Rh5
48. Rh1 Rh4 49. Nd7 (49. Kxe3 Rc4 $1 $11) 49... Rc4 50. Kd3 $16) 48. Kd3 $18
Kh4 49. Rxe3 Rxe3+ 50. Kxe3 Kxh3 51. Ne6 Kg4 52. Kd4 Kf5 53. Nd8 $1 g5 54. Nxc6
g4 55. Ne7+ 1-0

[Event "1er Open International d'Aix-les-Bains"]
[Site "Aix-les-Bains (73)"]
[Date "2014.08.10"]
[Round "5.2"]
[White "Barbaras, Mathieu"]
[Black "Navrotescu, Andreea-Cristiana"]
[Result "0-1"]
[WhiteElo "2150"]
[BlackElo "2208"]
[PlyCount "93"]
[EventDate "2014.??.??"]

1. Nf3 Nf6 2. g3 g6 3. b3 Bg7 4. Bb2 O-O 5. Bg2 d6 6. d4 c6 7. Nbd2 Bf5 8. Nh4
Be6 9. e4 d5 10. e5 Ng4 11. h3 Nh6 12. Nf1 f6 13. f4 fxe5 14. dxe5 Nd7 15. Nf3
Nc5 16. Ng5 Bc8 17. Ne3 Nf5 18. Nxf5 Bxf5 (18... Qa5+ $5 19. b4 Qxb4+ 20. c3
Qxb2 21. Nxe7+ Kh8 22. O-O Qxc3 23. Rc1 Qxg3 24. Rf3 Qh4 25. Rxc5 Bd7 $13) 19.
Qd4 Qb6 20. O-O-O h6 21. Ba3 hxg5 (21... Nd3+ $1 22. Rxd3 hxg5 23. Rd2 Qxd4 24.
Rxd4 gxf4 25. gxf4 Rf7 $11) 22. Bxc5 Qa6 23. a4 Rf7 $6 (23... gxf4 24. gxf4 Rf7
$11) 24. Qc3 (24. g4 Be6 25. fxg5 $14) 24... b6 25. Bd4 gxf4 26. gxf4 e6 (26...
c5 $1 27. Bxd5 cxd4 28. Bxf7+ Kxf7 29. Qxd4 Rc8 $13) 27. Bf1 Qb7 28. Qg3 c5 29.
Be3 (29. Bc3) 29... c4 $17 30. bxc4 Rc8 31. Bd3 Bxd3 32. Rxd3 dxc4 $2 (32... d4
$1 33. Rg1 (33. Bxd4 $4 Qxh1+) 33... dxe3 $19) 33. Rdd1 $11 Qe4 34. Rhg1 c3 (
34... g5 $1 35. Rd4 gxf4 $1 $11) 35. Rd4 $16 Qf5 36. Qxg6 Qxh3 37. Qd3 Qf3 $2 (
37... Qf5) 38. Rd6 $18 Rxf4 39. Bxf4 Qxf4+ 40. Kd1 Rf8 41. Rd7 Rf7 42. Rd8+ Rf8
43. Rxf8+ Qxf8 44. Qxc3 Kh8 45. Qd3 Bh6 46. Rg6 Qf4 47. Qd8+ 0-1

[Event "1er Open International d'Aix-les-Bains"]
[Site "Aix-les-Bains (73)"]
[Date "2014.08.10"]
[Round "5.3"]
[White "Joie, Sebastien"]
[Black "Carpentier, Pierre"]
[Result "1-0"]
[WhiteElo "2366"]
[BlackElo "2242"]
[PlyCount "93"]
[EventDate "2014.??.??"]

1. Nf3 Nf6 2. g3 g6 3. b3 Bg7 4. Bb2 O-O 5. Bg2 d6 6. d4 c6 7. Nbd2 Bf5 8. Nh4
Be6 9. e4 d5 10. e5 Ng4 11. h3 Nh6 12. Nf1 f6 13. f4 fxe5 14. dxe5 Nd7 15. Nf3
Nc5 16. Ng5 Bc8 17. Ne3 Nf5 18. Nxf5 Bxf5 19. Qd4 Qb6 20. O-O-O h6 21. Ba3 hxg5
22. Bxc5 Qa6 23. a4 (23. Kb2 Bxc2 24. Kxc2 Qxa2+ 25. Qb2 Qxb2+ 26. Kxb2 gxf4
$13 {Joie}) 23... Rf7 24. Qc3 b6 25. Bd4 gxf4 26. gxf4 (26. e6 Bxe6 27. Bxg7
Rxg7 28. Qxc6 Qc8 29. Qxe6+ Qxe6 30. Bxd5 Qxd5 31. Rxd5 fxg3 {Et il est
difficile de jouer pour le gain - Joie}) 26... e6 27. Bf1 Qb7 28. Qg3 c5 29.
Be3 c4 30. bxc4 Rc8 31. Bd3 Bxd3 32. Rxd3 dxc4 (32... d4 $1 $19 {Un coup
gagnant qui a échappé à la vigilance des deux joueurs !}) 33. Rdd1 Qe4 34.
Rhg1 c3 $2 35. Rd4 Qf5 36. Qxg6 Qxh3 37. Qd3 $16 Qf3 38. Rd6 Rxf4 39. Bxf4
Qxf4+ 40. Kd1 Rf8 41. Rd7 Rf7 42. Rd8+ Rf8 43. Rxf8+ Qxf8 44. Qxc3 Kh8 45. Qd3
Bh6 46. Rg6 Qf4 47. Qd8+ 1-0

[Event "1er Open International d'Aix-les-Bains"]
[Site "Aix-les-Bains (73)"]
[Date "2014.08.10"]
[Round "5.4"]
[White "Soyer, Jean-Yves"]
[Black "Pepino, Enrico"]
[Result "1/2-1/2"]
[WhiteElo "2044"]
[BlackElo "2193"]
[PlyCount "147"]
[EventDate "2014.??.??"]

1. Nf3 Nf6 2. c4 c5 3. Nc3 g6 4. d4 cxd4 5. Nxd4 Bg7 6. e4 d6 7. Be2 O-O 8. O-O
Nc6 9. Be3 Nxd4 10. Bxd4 Bd7 11. f3 a5 12. b3 Bc6 13. Qd2 Nd7 14. Be3 Nc5 15.
Rab1 Qb6 16. Rfc1 Rfc8 17. Rc2 h5 18. Bf1 Kh7 19. g3 Qd8 20. Bh3 Bd7 $146 (
20... e6 21. Rd1 Be5 22. Nb5 Qf8 23. Qe2 Rd8 24. Bg5 Rd7 25. Nd4 f5 26. Nxc6
bxc6 27. Be3 Qe7 28. Bg2 Bg7 29. Rcd2 Rad8 30. Bxc5 dxc5 31. exf5 Bd4+ 32. Kf1
exf5 33. Qxe7+ Rxe7 34. f4 Rd6 35. Re2 Rxe2 {1/2-1/2 (35) Navara,D (2706)
-Svidler,P (2741) Prague 2012}) 21. Bxd7 Bxc3 22. Qxc3 Qxd7 23. Bc1 Qe8 24. Qe3
Qf8 25. Bb2 Na6 26. Rg2 Qh6 27. f4 Nc5 28. Qe2 (28. e5) 28... f6 29. Rd1 Rd8
30. f5 Kg7 31. Bc1 (31. g4 $1 g5 32. gxh5 Kf7 33. Bd4 Nd7 34. h4 $1 Rh8 35.
hxg5 Qxh5 36. Qxh5+ Rxh5 37. g6+ $18) 31... Qh7 32. g4 Kf7 33. g5 Rg8 34. Rf1
Raf8 35. gxf6 gxf5 36. Rxf5 Rxg2+ 37. Kxg2 e6 38. Rxh5 Qxe4+ 39. Qxe4 Nxe4 40.
Rh7+ Kxf6 41. Rxb7 e5 42. Ra7 Kf5 43. Rxa5 Rg8+ 44. Kf3 Rg1 45. Be3 Rf1+ 46.
Ke2 Rh1 47. Ra8 Rxh2+ 48. Kd3 Nf6 49. b4 e4+ 50. Kd4 Rh1 51. Ra5+ Ke6 52. Bg5
Rd1+ 53. Ke3 Rd3+ 54. Ke2 Ng4 55. b5 Rc3 56. Ra4 Rc2+ 57. Kd1 Rg2 58. b6 Kd7
59. Rb4 Nf2+ 60. Ke2 Nd3+ 61. Kf1 Nxb4 62. Kxg2 Nxa2 63. Bd2 Kc6 64. Kf2 Kxb6
65. Ke3 Kc5 66. Kxe4 Kxc4 67. Be3 Nc3+ 68. Kf3 Kd3 69. Ba7 Nb5 70. Bb6 d5 71.
Kf2 Nd4 72. Ke1 Ne6 73. Kd1 Kc4 74. Kd2 1/2-1/2

[Event "1er Open International d'Aix-les-Bains"]
[Site "Aix-les-Bains (73)"]
[Date "2014.08.10"]
[Round "5.5"]
[White "Pahud, Cedric"]
[Black "Lamb, Harry"]
[Result "1/2-1/2"]
[WhiteElo "2132"]
[BlackElo "1987"]
[PlyCount "148"]
[EventDate "2014.??.??"]

1. e4 e6 2. d4 d5 3. Nd2 Nf6 4. e5 Nfd7 5. f4 c5 6. c3 Nc6 7. Ndf3 cxd4 8. cxd4
Bb4+ 9. Kf2 f6 10. h4 O-O 11. Ne2 Qb6 12. Be3 Nd8 13. a3 Be7 14. Qd2 Nf7 15. g3
Nh6 16. Bh3 fxe5 17. fxe5 Nf5 18. Kg2 Qa6 19. Bg5 Bxg5 20. Nxg5 h6 21. Nf3 Nb6
22. b3 Bd7 23. a4 Rae8 24. Nf4 Nc8 25. Bg4 Nce7 26. Bh5 Rc8 27. Rac1 Rxc1 28.
Rxc1 Nc6 29. Bg6 Qb6 30. Bxf5 Rxf5 31. Rc3 Rf8 32. g4 Na5 33. Ng6 Rf7 34. Qd3
Nc6 35. h5 Ne7 36. Nxe7+ Rxe7 37. Qg6 Qd8 38. Qc2 Qf8 39. Kg3 Rf7 40. Nh4 Bc6
41. Rf3 Rxf3+ 42. Nxf3 Qe7 43. Qc5 Qxc5 44. dxc5 a5 45. Nd4 Kf7 46. Kf4 Ke7 47.
Ke3 Bd7 48. Kd3 Kd8 49. Ne2 Kc7 50. Kc3 b6 51. cxb6+ Kxb6 52. Kd4 Be8 53. Nf4
Bd7 54. Kc3 Kc5 55. Nd3+ Kb6 56. Kd4 Bc8 57. Nb2 Bd7 58. Nd1 Bc8 59. Nc3 Ba6
60. Nxd5+ exd5 61. Kxd5 Kc7 62. Ke6 Bc8+ 63. Kf7 Bxg4 64. Kxg7 Bxh5 65. Kxh6
Bf7 66. Kg5 Kc6 67. Kf4 Kd5 $4 (67... Kc5 68. Ke3 Kb4 69. Kd2 Kxb3 70. Kc1 Ka2
71. Kc2 Bb3+ 72. Kc1 Bxa4 73. e6 Bb3 74. e7 Bf7 75. Kc2 Be8 76. Kc1 Ba4 77. Kd2
Kb2 $19) 68. Ke3 Kxe5 69. Kd3 Kd5 70. Kc3 Kc5 71. Kb2 Kb4 72. Ka2 Kc3 73. Ka1
Kb4 74. Kb2 Bxb3 1/2-1/2

[Event "1er Open International d'Aix-les-Bains"]
[Site "Aix-les-Bains (73)"]
[Date "2014.08.10"]
[Round "5.6"]
[White "Giacometto, Mario"]
[Black "Deleva, Mathias"]
[Result "0-1"]
[WhiteElo "1953"]
[BlackElo "2099"]
[PlyCount "116"]
[EventDate "2014.??.??"]

1. e4 e6 2. d4 d5 3. e5 c5 4. c3 Nc6 5. Nf3 Qb6 6. a3 Nh6 7. b4 cxd4 8. cxd4
Nf5 9. Be3 f6 10. Bd3 Nxe3 11. fxe3 fxe5 12. b5 Nxd4 13. exd4 e4 14. Bxe4 dxe4
15. Ne5 Qa5+ 16. Qd2 Qxd2+ 17. Nxd2 Bd7 18. Nxd7 Kxd7 19. Nxe4 Be7 20. Nc5+
Bxc5 21. dxc5 Rac8 22. Rc1 Rhf8 23. Ke2 Rf5 24. Rhf1 Re5+ 25. Kd3 Ke7 26. c6
Rxb5 27. cxb7 Rxc1 28. Rxc1 Rxb7 29. Ke4 Rd7 30. Rc6 Kf6 31. Ra6 Rc7 32. Kd4
Rc2 33. g3 Rxh2 34. Ke3 h5 35. Rxa7 g5 36. Ra8 g4 37. Rf8+ Kg7 38. Re8 Rg2 39.
Kf4 Rf2+ 40. Kg5 Rf5+ 41. Kh4 e5 42. a4 Kf7 43. Rb8 e4 44. a5 e3 45. a6 e2 46.
a7 $4 (46. Rb7+ Kg6 47. Rb6+ Rf6 48. a7 e1=Q 49. a8=Q Rxb6 50. Qe4+ $3 $11)
46... e1=Q 47. Rf8+ Kg6 48. Rg8+ Kh7 49. Rh8+ Kg7 50. Rg8+ Kxg8 51. a8=Q+ Rf8
52. Qd5+ Rf7 53. Qd8+ Kg7 54. Qd4+ Rf6 55. Qd7+ Kf8 56. Qd8+ Kf7 57. Qd5+ Qe6
58. Qf5 Qe7 0-1

[Event "1er Open International d'Aix-les-Bains"]
[Site "Aix-les-Bains (73)"]
[Date "2014.08.10"]
[Round "5.7"]
[White "Barnier, Alain"]
[Black "Poletti, Fausto"]
[Result "1/2-1/2"]
[WhiteElo "2070"]
[BlackElo "1908"]
[PlyCount "85"]
[EventDate "2014.??.??"]

1. e4 c5 2. Nf3 Nc6 3. d3 d6 4. g3 g6 5. Bg2 Bg7 6. O-O e6 7. Nbd2 Nge7 8. Re1
O-O 9. a4 Rb8 10. Nc4 b6 11. e5 dxe5 12. Nfxe5 Nxe5 13. Nxe5 Bb7 14. Bxb7 Rxb7
15. Qf3 Qd5 16. Qxd5 Nxd5 17. Bd2 Re8 18. Kg2 Ne7 19. Nc4 Rd7 20. Re4 Nc6 21.
Bc3 Red8 22. Rae1 Bd4 23. f4 Rd5 24. h3 h5 25. R1e2 Kf8 26. Kf1 Ke7 27. Ke1 Kd7
28. Kd2 Ke7 29. Bxd4 Rxd4 30. g4 hxg4 31. hxg4 Rxe4 32. Rxe4 Rh8 33. Re2 Rh3
34. Rf2 Rg3 35. g5 Rh3 36. c3 a6 37. Ne3 b5 38. axb5 axb5 39. Ng4 Kd6 40. Nf6
Rh1 41. Ne4+ Kd5 42. Nf6+ Kd6 43. Ne4+ 1/2-1/2

[Event "1er Open International d'Aix-les-Bains"]
[Site "Aix-les-Bains (73)"]
[Date "2014.08.10"]
[Round "5.8"]
[White "Bandet, Raphael"]
[Black "Py, Walter"]
[Result "0-1"]
[WhiteElo "1915"]
[BlackElo "2063"]
[PlyCount "106"]
[EventDate "2014.??.??"]

1. e4 e5 2. Nf3 Nc6 3. Bc4 Nf6 4. d3 Bc5 5. c3 Bb6 6. Bb3 d6 7. Nbd2 Be6 8. Nc4
O-O 9. Nxb6 axb6 10. Bg5 h6 11. Bh4 Qe7 12. O-O Na5 13. Bc2 Bg4 14. h3 Bh5 15.
g4 Bg6 16. g5 hxg5 17. Nxg5 Qd7 18. b4 Nc6 19. Bb3 Nh5 20. Kh2 Kh8 21. Rg1 Rae8
22. Qf3 Nf4 23. Bg3 (23. Rg4 $11) 23... Bh5 $19 24. Qe3 f6 25. Bxf4 exf4 26.
Qxf4 fxg5 27. Rxg5 Bf7 $4 (27... g6 $19) 28. Qh4+ Kg8 29. Rag1 Bxb3 30. Rh5 $1
Qe6 31. Rh7 (31. Rxg7+ $1 Kxg7 32. Rh7+ Kg8 33. Rh8+ Kg7 34. Rh7+ Kg8) 31...
Qe5+ 32. f4 Qxf4+ 33. Qxf4 Rxf4 $17 34. Rgxg7+ Kf8 35. axb3 Re7 36. Rxe7 Nxe7
37. Kg3 Rf1 38. Rh8+ Ng8 (38... Kf7 $19) 39. Rh7 Rf7 40. Rh5 Rg7+ 41. Kf4 Kf7
42. Rh8 Kg6 43. Kg3 Kf6+ 44. Kf3 Rg1 45. Rh7 Ne7 46. d4 Rc1 47. c4 Rc3+ 48. Kg4
Rxb3 49. h4 Rxb4 50. h5 Rxc4 51. h6 Rc1 52. Rh8 Rg1+ 53. Kh5 Rg5+ 0-1

[Event "1er Open International d'Aix-les-Bains"]
[Site "Aix-les-Bains (73)"]
[Date "2014.08.10"]
[Round "5.9"]
[White "Costa, Anthony"]
[Black "Drillat, Michel"]
[Result "1/2-1/2"]
[WhiteElo "1754"]
[BlackElo "1884"]
[PlyCount "97"]
[EventDate "2014.??.??"]

1. e4 d5 2. exd5 Nf6 3. Bb5+ Bd7 4. Be2 Nxd5 5. d4 Bf5 6. Nf3 e6 7. O-O Nc6 8.
Bd3 Bxd3 9. Qxd3 Be7 10. c4 Nf6 11. Nc3 O-O 12. Be3 Qd7 13. Rad1 Rfd8 14. Qb1
Qe8 15. a3 a6 16. Rd2 Nb8 17. Rfd1 Nbd7 18. b4 a5 19. Qb3 axb4 20. axb4 Ng4 (
20... c6 $11) 21. Bf4 Bd6 22. Bxd6 cxd6 23. c5 dxc5 24. dxc5 Nde5 25. Nxe5 Nxe5
26. Ne4 Rxd2 27. Rxd2 Rd8 (27... Ra1+ 28. Rd1 Qa8 29. h3 Nc6 30. Kh2 $14) 28.
Nd6 Qc6 29. Qc3 f6 30. b5 (30. Qb3 $1) 30... Qc7 31. Qb3 Qxc5 32. Qxe6+ Kf8 33.
Nc4 Rxd2 34. Nxd2 Qxb5 35. Qd6+ Kf7 36. f4 Nd3 37. Qc7+ Kg6 38. Qc2 (38. Qd6
$17) 38... Qb6+ 39. Kh1 Qe3 40. Nf1 Qe4 41. h4 f5 (41... h6 $19) 42. h5+ Kh6
43. Ng3 Qd5 44. Qc8 Nxf4 45. Nxf5+ Kg5 (45... Kxh5 $17) 46. Ne3 Qe6 47. Qc5+
Kh4 48. Nf5+ Kg4 49. Ne3+ 1/2-1/2

[Event "1er Open International d'Aix-les-Bains"]
[Site "Aix-les-Bains (73)"]
[Date "2014.08.10"]
[Round "5.9"]
[White "Wurst, Guillaume"]
[Black "Ouadi, Whabi"]
[Result "1-0"]
[WhiteElo "1994"]
[BlackElo "1932"]
[PlyCount "66"]
[EventDate "2014.??.??"]

1. e4 d5 2. exd5 Qxd5 3. Nc3 Qa5 4. Bc4 Nf6 5. d3 c6 6. Bd2 Qc7 7. Qe2 e6 8.
Bb3 Nbd7 9. Nf3 Nc5 10. Ne5 Nxb3 11. axb3 Bd6 12. f4 O-O 13. O-O b6 14. Rae1
Bb7 15. g4 Bc5+ 16. Be3 Bxe3+ 17. Qxe3 Nd5 18. Nxd5 cxd5 19. c3 Qc5 20. d4 Qb5
21. f5 f6 22. Nd3 exf5 23. gxf5 Rae8 24. Qg3 Ba6 25. Nf4 Qd7 26. Rxe8 Rxe8 27.
Ra1 Qxf5 28. Rxa6 Qb1+ 29. Kg2 Re1 30. Nh3 Qe4+ 31. Qf3 Qc2+ 32. Nf2 Re4 33.
Rxa7 Qd2 1-0

[Event "1er Open International d'Aix-les-Bains"]
[Site "Aix-les-Bains (73)"]
[Date "2014.08.10"]
[Round "6.1"]
[White "Joie, Sebastien"]
[Black "Guidarelli, Laurent"]
[Result "1/2-1/2"]
[WhiteElo "2366"]
[BlackElo "2498"]
[PlyCount "59"]
[EventDate "2014.??.??"]

1. d4 c5 2. e3 Nf6 3. Nf3 cxd4 4. exd4 d5 5. Bd3 Bg4 6. c3 Qc7 ({Pertinent:} 
6... Bxf3 7. Qxf3 e6 8. O-O Nc6 9. Re1 Rb8 10. Bg5 Be7 11. Nd2 h6 12. Bf4 Bd6
13. Re3 Qc7 $11 {1-0 (31) Astasio Lopez,D (2385)-Razmyslov,A (2452) Burguillos
2012}) 7. Qa4+ Bd7 8. Qb3 Nc6 9. Bg5 $146 (9. O-O e6 10. Re1 h6 11. Nbd2 Bd6
12. Nf1 O-O 13. Bd2 Rab8 14. Qc2 Rfc8 15. Qc1 Kf8 16. Ng3 Ng8 17. Nh5 Nce7 18.
Ne5 Be8 19. Nf4 g5 20. Nh3 f6 21. f4 h5 22. Qd1 g4 23. Nf2 Qb6 24. Nfxg4 hxg4
25. Qxg4 f5 26. Qg5 Qxb2 27. Rad1 Rxc3 28. Bxc3 Qxc3 29. Nf3 Bf7 30. h4 Nc6 31.
Bxf5 Be7 {0-1 (31) Plotkin,V (2245)-Kacheishvili,G (2599) Philadelphia 2011})
9... e6 10. O-O Bd6 11. Re1 O-O 12. Qc2 h6 13. Bxf6 gxf6 14. g3 Rfc8 15. Qd2
Bf8 16. Na3 e5 17. Bf1 e4 18. Nh4 Bxa3 19. bxa3 Kg7 20. c4 Ne7 21. cxd5 Nxd5
22. Rxe4 Qc2 23. Qxc2 (23. Re2 Qxd2 24. Rxd2 Be6 25. Bg2) 23... Rxc2 24. Re2
Rc3 25. Bg2 Be6 26. Bxd5 Bx

[Event "1er Open International d'Aix-les-Bains"]
[Site "Aix-les-Bains (73)"]
[Date "2014.08.10"]
[Round "6.2"]
[White "Deleva, Mathias"]
[Black "Navrotescu, Andreea-Cristiana"]
[Result "0-1"]
[WhiteElo "2099"]
[BlackElo "2208"]
[PlyCount "74"]
[EventDate "2014.??.??"]

1. e4 c5 2. d3 Nc6 3. g3 g6 4. Bg2 Bg7 5. f4 d6 6. Nf3 e5 7. Nc3 Nge7 8. O-O
O-O 9. fxe5 dxe5 10. Be3 Nd4 11. Qd2 Bg4 12. Rf2 Rc8 13. b3 Qd7 14. Raf1 b5 15.
Ne1 Be6 16. h4 c4 17. bxc4 bxc4 18. Ne2 Nec6 19. dxc4 Bxc4 20. Nd3 Nxc2 21.
Qxc2 Qxd3 22. Qxd3 Bxd3 23. Rc1 Nd4 24. Nxd4 exd4 25. Bf4 Rxc1+ 26. Bxc1 Rc8
27. Bf4 Re8 28. e5 Bxe5 29. Rd2 Bb5 30. Bxe5 Rxe5 31. Rxd4 Re1+ 32. Kh2 Re2 33.
Kh3 Rxa2 34. Rd5 Bc4 35. Rd8+ Kg7 36. g4 Be6 37. Rd4 h5 0-1

[Event "1er Open International d'Aix-les-Bains"]
[Site "Aix-les-Bains (73)"]
[Date "2014.08.10"]
[Round "6.3"]
[White "Py, Walter"]
[Black "Barbaras, Mathieu"]
[Result "0-1"]
[WhiteElo "2063"]
[BlackElo "2150"]
[PlyCount "274"]
[EventDate "2014.??.??"]

1. e4 c5 2. Nf3 Nc6 3. d4 cxd4 4. Nxd4 e5 5. Nb5 a6 6. Nd6+ Bxd6 7. Qxd6 Qf6 8.
Qd1 Qg6 9. Nc3 Nge7 10. Be3 d5 11. Nxd5 Nxd5 12. Qxd5 Be6 13. Qc5 Qxe4 14. Bd3
Qb4+ 15. c3 Qxc5 16. Bxc5 O-O-O 17. Ke2 Rhe8 18. h3 e4 19. Bc2 Bc4+ 20. Ke3 f5
21. Rhd1 Bd3 22. Bb3 g5 23. g3 Ne5 24. Bd4 f4+ 25. gxf4 gxf4+ 26. Kxf4 Ng6+ 27.
Ke3 Nh4 28. Rg1 Nf5+ 29. Kd2 Nxd4 30. cxd4 Rxd4 31. Rac1+ Kb8 32. Ke3 Rd6 33.
Rg7 Bb5 34. Rc3 Rf6 35. Bd1 Rh6 36. Bg4 Bc6 37. Bf5 Rf6 38. Bg4 h6 39. Rh7 Ref8
40. Rc2 Rd8 41. Be2 Rd5 42. Re7 Ra5 43. a3 Raf5 44. Bg4 Rb5 45. Re6 Rb3+ 46.
Kd4 Rd3+ 47. Ke5 Rf8 48. Rcxc6 bxc6 49. Kxe4 Rb3 50. Rxc6 Kb7 51. Rc2 h5 52.
Bxh5 Rxh3 53. Bg4 Rh2 54. Ke3 Kb6 55. Rd2 Rf6 56. f3 Rxd2 57. Kxd2 Kc5 58. Kc3
Rf4 59. b3 Kd5 60. Kd3 Rf6 61. Kc3 Rc6+ 62. Kb4 Kd4 63. Bf5 Rb6+ 64. Ka4 a5 65.
Be4 Kc5 66. Bc2 Rb8 67. Be4 Rb6 68. Bc2 Rb7 69. Be4 Ra7 70. Bc2 Rd7 71. Be4 Re7
72. b4+ axb4 73. axb4+ Kc4 74. Ka5 Re5+ 75. Ka4 Rh5 76. b5 Rh1 77. Ka5 Kc5 78.
Ka6 (78. Ka4 Ra1+ 79. Kb3 Kxb5 80. Kc3) 78... Ra1+ 79. Kb7 Kxb5 80. Kc7 Rd1 81.
Bc6+ Kc5 82. Be4 Rd6 83. Kb7 Rd7+ 84. Kc8 Kd6 85. Kb8 Rc7 86. Ba8 Kd7 87. Be4
Rc3 88. Kb7 Rb3+ 89. Ka6 Kd6 90. Ka5 Kc5 91. Ka4 Re3 92. Bb7 Re2 93. Be4 Kc4
94. Ka3 Re1 95. Kb2 Re2+ 96. Ka3 Re1 97. Bb7 Re3+ 98. Ka2 Kb4 99. Be4 Rb3 100.
Bd5 Rd3 101. Be4 Rd2+ 102. Ka1 (102. Kb1 Kb3 103. Kc1 Kc3 104. Bc6 Rh2 105. Kd1
Kd3 106. Be4+ Ke3 107. Kc1) 102... Kb3 103. Bb1 Rf2 104. Be4 Rf1+ 105. Bb1 Rxf3
106. Ba2+ Kc2 107. Bb1+ Kc1 108. Ba2 Rf2 109. Bb1 Rb2 110. Ba2 Kc2 111. Bg8 Kc3
112. Ba2 Rb8 113. Bb1 Ra8+ 114. Ba2 Kb4 115. Kb2 Rh8 116. Ka1 Rh1+ 117. Kb2
Rh2+ 118. Ka1 Rh1+ 119. Kb2 Rg1 120. Bb1 Rg2+ 121. Ka1 Kb3 122. Be4 Rg4 123.
Bd5+ Kc2 124. Be6 Rf4 125. Bg8 Rf6 126. Bh7+ Kb3 127. Bg8+ Kc3 128. Ba2 Ra6
129. Kb1 Kb4 130. Kb2 Rh6 131. Bb1 Rh2+ 132. Ka1 Ka3 133. Bf5 Ra2+ 134. Kb1 Rf2
135. Bd3 $4 (135. Be6 Re2 136. Bf5 Rf2 137. Be6 $11 Rf6 138. Bg8) 135... Kb3
136. Ka1 Ra2+ 137. Kb1 Rd2 0-1

[Event "1er Open International d'Aix-les-Bains"]
[Site "Aix-les-Bains (73)"]
[Date "2014.08.10"]
[Round "6.4"]
[White "Navrotescu, Catalin"]
[Black "Soyer, Jean-Yves"]
[Result "1-0"]
[WhiteElo "2406"]
[BlackElo "2044"]
[PlyCount "51"]
[EventDate "2014.??.??"]

1. d4 Nf6 2. Nf3 g6 3. c4 Bg7 4. Nc3 O-O 5. e4 d6 6. Be2 e5 7. Be3 exd4 8. Nxd4
Re8 9. f3 c6 10. Bf2 d5 11. exd5 cxd5 12. O-O Nc6 13. c5 Nh5 14. Qd2 Be5 15. g3
Ng7 16. Rfe1 Ne6 17. Ndb5 d4 18. Ne4 Re7 19. f4 Bg7 20. Rac1 Nc7 21. Nbd6 Ne8
22. b4 a6 23. a4 Nxd6 24. Nxd6 Be6 25. Bf3 Rd7 26. Nxb7 1-0

[Event "1er Open International d'Aix-les-Bains"]
[Site "Aix-les-Bains (73)"]
[Date "2014.08.10"]
[Round "6.5"]
[White "Pepino, Enrico"]
[Black "Wurtz, Guillaume"]
[Result "1-0"]
[WhiteElo "2193"]
[BlackElo "1994"]
[PlyCount "97"]
[EventDate "2014.??.??"]

1. e4 c5 2. Nf3 Nc6 3. d4 cxd4 4. Nxd4 e5 5. Nb5 a6 6. Nd6+ Bxd6 7. Qxd6 Qf6 8.
Qxf6 Nxf6 9. Nc3 Nb4 10. Bd3 d6 11. Bg5 Be6 12. O-O d5 13. f4 d4 14. Ne2 Ng4
15. fxe5 Nxe5 16. Nxd4 Nbxd3 17. cxd3 Nxd3 18. Nxe6 fxe6 19. Rad1 Ne5 20. Rd6
Nc6 21. e5 Rf8 22. Rxe6+ Kd7 23. Rd6+ Kc7 24. Bf4 Rae8 25. e6 Kc8 26. Rd7 Re7
27. Rxe7 Nxe7 28. Bd6 Rxf1+ 29. Kxf1 Nf5 30. Bc5 Kc7 31. g4 Nd6 32. Ke2 Kc6 33.
Bb4 Kd5 34. e7 Ne8 35. Kd3 g6 36. h3 Ng7 37. Ke3 Ne8 38. Kf4 h6 39. h4 Nc7 40.
Bd2 Ke6 41. Ke4 Kxe7 42. Bxh6 Ke6 43. Bd2 Nd5 44. Bc3 Ne7 45. Kf4 Nd5+ 46. Kg5
Kf7 47. h5 gxh5 48. gxh5 Kg8 49. Kf5 1-0

[Event "1er Open International d'Aix-les-Bains"]
[Site "Aix-les-Bains (73)"]
[Date "2014.08.10"]
[Round "6.6"]
[White "Poletti, Fausto"]
[Black "Pahud, Cedric"]
[Result "0-1"]
[WhiteElo "1908"]
[BlackElo "2132"]
[PlyCount "88"]
[EventDate "2014.??.??"]

1. c4 c5 2. Nf3 g6 3. Nc3 Bg7 4. d4 cxd4 5. Nxd4 Nc6 6. Nc2 Bxc3+ 7. bxc3 Qa5
8. Bd2 Nf6 9. f3 O-O 10. e4 d6 11. Be2 Ne5 12. Ne3 Be6 13. Qb3 Rab8 14. Qb5 Qc7
15. Nd5 Bxd5 16. cxd5 Rfc8 17. c4 $17 a6 18. Qb4 Nxc4 19. Rc1 b5 20. Be3 Qb7
21. Bd4 Nd7 22. Kf2 Ncb6 23. Rhd1 Rc7 24. Qd2 Rbc8 25. Qh6 f6 26. Rxc7 Qxc7 27.
h4 Ne5 28. Qe3 Nbd7 29. f4 Nc4 30. Qg3 Kh8 31. Rc1 Qa5 32. Rc2 Kg7 33. h5 Nd2
34. Qd3 Rxc2 35. Qxc2 Nc5 36. e5 (36. Bxc5 dxc5 37. Ke3 Nc4+ 38. Bxc4 bxc4 39.
Qxc4 gxh5 $13) 36... Qb4 37. exf6+ exf6 38. Be3 Nde4+ 39. Kf3 Qe1 40. Bxc5 Nxc5
41. hxg6 hxg6 42. Qb2 Qh4 43. Qd2 Qh5+ 44. Kf2 Ne4+ 0-1

[Event "1er Open International d'Aix-les-Bains"]
[Site "Aix-les-Bains (73)"]
[Date "2014.08.10"]
[Round "6.7"]
[White "Drillat, Michel"]
[Black "Barnier, Alain"]
[Result "0-1"]
[WhiteElo "1884"]
[BlackElo "2070"]
[PlyCount "144"]
[EventDate "2014.??.??"]

1. d4 Nf6 2. c4 g6 3. Nc3 Bg7 4. e4 d6 5. f3 O-O 6. Be3 Nc6 7. Nge2 a6 8. Nc1
e5 9. d5 Nd4 10. Nb3 Nxb3 11. Qxb3 Nd7 12. Bd3 Bh6 13. Bf2 Qg5 14. O-O f5 15.
Qc2 Nf6 16. c5 Nh5 17. h4 Qe7 18. cxd6 cxd6 19. Ne2 Bd7 20. a4 Rac8 21. Qb3 Rc7
22. Qa3 Bc8 23. b4 Kg7 24. a5 Bd7 25. Rfb1 fxe4 26. Bxe4 Nf6 27. Ng3 Rfc8 28.
Ne2 Nxe4 29. fxe4 Bb5 30. Ra2 Qd7 31. Be3 Bxe3+ 32. Qxe3 Qg4 33. Qf3 Qxh4 34.
Rf1 Qe7 35. Qg4 h5 36. Qf3 Rc2 37. Rxc2 Rxc2 38. Rf2 Bxe2 39. Rxe2 Rc1+ 40. Kf2
Qh4+ 41. g3 Qh2+ 42. Qg2 Qxg2+ 43. Kxg2 Rc4 44. Rb2 Rxe4 45. b5 Rd4 46. bxa6
bxa6 47. Rb6 Rxd5 48. Rxa6 Rd2+ 49. Kf3 d5 50. Ke3 Rg2 51. Kf3 Ra2 52. Ra8 Ra3+
53. Kf2 Kf6 54. a6 Kf5 55. a7 Ke4 56. Rg8 Ra2+ 57. Kf1 Rxa7 58. Rxg6 Kf3 59.
Ke1 e4 60. Rg5 d4 61. Rxh5 Kxg3 62. Rd5 d3 63. Kd2 Kf4 64. Rd8 Ra2+ 65. Kc3 Ke3
66. Rh8 Rc2+ 67. Kb3 Rc1 68. Rh3+ Kd4 69. Rh2 Rb1+ 70. Ka2 Rb8 71. Rg2 e3 72.
Rg4+ Kc3 0-1